Safar nama Pakistan (Record no. 330659)

000 -LEADER
fixed length control field 00496 a2200169 4500
003 - CONTROL NUMBER IDENTIFIER
control field Nust
005 - DATE AND TIME OF LATEST TRANSACTION
control field 20170727160312.0
008 - FIXED-LENGTH DATA ELEMENTS--GENERAL INFORMATION
fixed length control field 170727b xxu||||| |||| 00| 0 eng d
040 ## - CATALOGING SOURCE
Transcribing agency Nust
082 ## - DEWEY DECIMAL CLASSIFICATION NUMBER
Classification number 910.5491
Author Mark MIR
100 ## - MAIN ENTRY--PERSONAL NAME
Personal name Mirpua, Camy
9 (RLIN) 3621
245 ## - TITLE STATEMENT
Title Safar nama Pakistan
Statement of responsibility, etc. by Camy Mirpua
260 ## - PUBLICATION, DISTRIBUTION, ETC.
Place of publication, distribution, etc. Lahore:
Name of publisher, distributor, etc. Book home,
Date of publication, distribution, etc. 2005
300 ## - PHYSICAL DESCRIPTION
Extent 208 p.
500 ## - GENERAL NOTE
General note Safar nama Pakistan
546 ## - LANGUAGE NOTE
Language note In urdu
650 ## - SUBJECT ADDED ENTRY--TOPICAL TERM
Topical term or geographic name entry element Travelling Literature
9 (RLIN) 3622
880 ## - ALTERNATE GRAPHIC REPRESENTATION
Linkage 100-01\(3\r
Title کیمی میرپوا
880 ## - ALTERNATE GRAPHIC REPRESENTATION
Linkage 245-02\(3\r
Title سفر نامہۤ پاکستان
c کیمی میرپوا
880 ## - ALTERNATE GRAPHIC REPRESENTATION
Linkage 260-03\(3\r
Title لاہور:
b بک ہوم،
c 2005
942 ## - ADDED ENTRY ELEMENTS (KOHA)
Source of classification or shelving scheme
Koha item type Book
Holdings
Withdrawn status Lost status Source of classification or shelving scheme Damaged status Not for loan Permanent Location Current Location Shelving location Date acquired Total Checkouts Full call number Barcode Date last seen Copy number Price effective from Koha item type
          Central Library (CL) Central Library (CL) Fiction 07/27/2017   910.5491 MIR CL1830 09/30/2021 1 07/27/2017 Book
© 2023 Central Library, National University of Sciences and Technology. All Rights Reserved.